000 00430cam a2200169ua 4500
003 OSt
008 250823b |||||||| |||| 00| 0 eng d
041 _aeng
082 _a628.01
_bSAN/WA
100 _aGarg, Santhosh Kumar.
245 _aWater supply engineering vol-1 ( Environmental Engineering)
250 _a6 /
260 _aDelhi :
_bKhanna publishers ,
_c1990.
300 _a592 ; .
500 _a* CSS
942 _cBK
999 _c1676
_d1676